Statistiques concernant Villes du Haut-Rhin de plus de 10 000 hab

Cliquez ici pour prendre le quiz!

Statistiques générales

  • Ce quiz a été pris 28 fois
  • Le résultat moyen est 7 sur 12

Statistiques - réponses

VillePopulation% Correct
Colmar66 518
100%
Mulhouse104 438
100%
Saint-Louis23 946
88%
Cernay11 816
71%
Wittenheim15 631
58%
Illzach14 918
54%
Guebwiller11 037
50%
Rixheim13 712
50%
Riedisheim12 163
46%
Wittelsheim10 303
46%
Kingersheim13 178
33%
Pfastatt10 673
25%

Distribution des résultats

Percentile par nombre de réponses

% des personnes avec chaque résultat

Votre développement - résultats

Vous n’avez pas pris ce quiz